000 00273nam a2200121Ia 4500
008 190216s9999||||xx |||||||||||||| ||und||
100 _aKumaranasan N
245 0 _aLeela
260 _bThe Auroville Publishers
_c1975
300 _a102p
650 _aKavithkal
942 _cBK
999 _c26424
_d26424